Szczegóły MARC21

Uwodzicielski urok psychoanalizy czyli Chytrość antyrozumu /

003 -Nazwa inst., której nr kontr. jest w polu 001 [,]
    • @
    • Nazwa instytucji, której n kontrolny jest w polu 001
    • NUKAT
005 -DATA I CZAS OSTATNIEJ MODYFIKACJI [,]
    • @
    • pole kontrolne
    • 20241231093226.0
020 -Międzynarod. znormalizowany nr książki - ISBN [ , ]
    • a
    • Numer ISBN
    • 8305128601 Find
040 -Instytucja sporządzająca opis [ , ]
    • a
    • Instytucja, która sporządziła opis (NP)
    • Ł U/BIP
    • c
    • Instytucja, która sporządziła rekord (NP)
    • Ł U/BIP
    • d
    • Instytucja, która zmodyfikowała rekord (P)
    • Ł U/AS
    • d
    • Instytucja, która zmodyfikowała rekord (P)
    • Ł U/JOs
    • d
    • Instytucja, która zmodyfikowała rekord (P)
    • KAT U/DL
041 -Język dokumentu [1, ]
    • a
    • Język tekstu (P)
    • polski
    • h
    • Język tekstu oryginalnego i/lub pośredniego (P)
    • angielski
942 -Rodzaj dokumentu [ , ]
    • c
    • Rodzaj dokumentu
    • Książka
100 -Hasło główne - nazwa osobowa [1, ]
    • a
    • Nazwa osobowa (NP)
    • Gellner, Ernest
    • d
    • Daty biograficzne (NP)
    • (1925-1995).
    • 9
    • KHW
    • 37620
240 -Tytuł ujednolicony [1,0]
    • a
    • Tytuł ujednolicony
    • Psychoanalytic movement
    • l
    • Język tekstu
    • (pol.)
    • 9
    • KHW
    • 37623
245 -Strefa tytułu i oznaczenia odpowiedzialności [1,0]
    • a
    • Tytuł
    • Uwodzicielski urok psychoanalizy czyli Chytrość antyrozumu / Find
    • c
    • Pozostałe elementy strefy tytułu i oznaczenia odpowiedzialności (NP)
    • Ernest Gellner ; z ang. przeł. Teresa Hołówka.
260 -Strefa adresu wydawniczego [ , ]
    • a
    • Miejsce wydania (P)
    • Warszawa :
    • b
    • Nazwa wydawcy (P)
    • Wydawnictwo "Książka i Wiedza",
    • c
    • Data wydania (P)
    • cop. 1997.
300 -Strefa opisu fizycznego [ , ]
    • a
    • Określenie formy książki i/lub objętość (NP)
    • 183, [1] s. :
    • b
    • Oznaczenie ilustracji (NP)
    • il. ;
    • c
    • Format (NP)
    • 21 cm.
336 -Typ zawartości [ , ]
    • a
    • Termin opisujący typ zawartości
    • Tekst
    • b
    • Kod określający zawartość
    • txt
    • 2
    • Źródło (terminu i kodu)
    • rdacontent
337 -Typ mediów [ , ]
    • a
    • Tryb odtwarzania
    • Bez urządzenia pośredniczącego
    • b
    • Kod typu mediów
    • n
    • 2
    • Źródło (terminu i kodu)
    • rdamedia
338 -Typ/rodzaj nośnika [ , ]
    • a
    • Hasło opisujące typ nośnika
    • Wolumin
    • b
    • Kod typu nośnika
    • nc
    • 2
    • Źródło (terminu i kodu)
    • rdacarrier
080 -Uniwersalna Klasyfikacja Dziesiętna [ , ]
    • a
    • Symbol klasyfikacji
    • 615.851.1
080 -Uniwersalna Klasyfikacja Dziesiętna [ , ]
    • a
    • Symbol klasyfikacji
    • :159.964
600 -Hasło przedmiotowe w formie nazwy osobowej [1,7]
    • a
    • Nazwa osobowa
    • Freud, Sigmund
    • d
    • Daty związane z nazwą
    • (1856-1939)
    • x
    • Określnik rzeczowy
    • krytyka i interpretacja.
    • 2
    • Źródło terminu
    • kaba
    • 9
    • KHW
    • 363367
650 -Hasło przedmiotowe [ ,7]
    • a
    • Hasło przedmiotowe
    • Psychoanaliza
    • x
    • Określnik rzeczowy
    • historia.
    • 2
    • Źródło terminu
    • kaba
    • 9
    • KHW
    • 357196
980 -Symbol UKD [ , ]
    • a
    • UKD
    • 159.964.2:615.851
700 -Hasło dodatkowe - nazwa osobowa [1, ]
    • a
    • Nazwa osobowa (NP)
    • Hołówka, Teresa Find
    • d
    • Daty biograficzne (NP)
    • (1944- ).
    • e
    • Określenie rodzaju współpracy
    • Tł.
    • 9
    • KHW
    • 37621
710 -Hasło dodatkowe - nazwa ciała zbiorowego [2, ]
    • a
    • Nazwa ciała zbiorowego lub nazwa geograficzna jako pierwszy element (NP)
    • Spółdzielnia Wydawniczo-Handlowa "Książka i Wiedza".
    • 4
    • Kod relacji
    • pbl
    • 9
    • KHW
    • 52004
920 -ISBN [ , ]
    • a
    • ISBN
    • 83-05-12860-1 Find
Data inwentaryzacji Lokalizacja Uwagi nie widoczne w OPAC Status udost. Numer inwentarzowy
1997-11-06BG[n]retrokonwersja1Pd.10334
1997-11-06BNS[n]retrokonwersja1F.27622